000 00615 a2200193 4500
999 _c1991
_d1991
020 _a9780273767060
050 _aHF1017 NEW 2013
100 _aNewbold, Paul
_eauthor
245 _aStatistics for Business and Economics /
_cPaul Newbold, William L. Carlson, Betty M. Thorne
250 _a8th ed.
264 _aBoston
_bPearson
_c2013
300 _a792p. :
_bill.
500 _aIncludes index
650 _aCommercial statistics
_xEconomics -- Statistical methods
650 _aStatistics
700 _aCarlson, William L.
_eauthor
700 _aThorne, Betty M.
_eauthor
942 _2lcc
_cBK
_e8th ed.
_h1017
_iNEW
_kHF